| 000 | 00599nam a2200133 a 4500 | ||
|---|---|---|---|
| 008 | 120416s1984 xx |||||||||||||| || u | ||
| 050 | _aS 595.5 Che | ||
| 100 | _aLevy, Rachel | ||
| 245 | 1 | 0 |
_aChemistry of irrigated soils _cedited by Rachel Levy |
| 260 | _c1984 | ||
| 350 | _a0.00 | ||
| 995 |
_aANNEX COLLECTION (Main Library) _D0.00 _e719245 _FCBU-MAIN LIBRARY (Kitwe) _H3 _I45.50 _jS 595.5 Che _M2 _UAVAILABLE _y013647 _ZAnnex Low-Usage Collection |
||
| 995 |
_aANNEX COLLECTION (Main Library) _D0.00 _e721786 _FCBU-MAIN LIBRARY (Kitwe) _H2 _I45.50 _jS 595.5 Che _M3 _UAVAILABLE _y013648 _ZAnnex Low-Usage Collection |
||
| 999 |
_c78202 _d78202 |
||